Normal view
MARC view
- Muhammad Uzair Jahanzeb (00000317617)
Entry Personal Name
001 - CONTROL NUMBER
- control field: 116666
003 - CONTROL NUMBER IDENTIFIER
- control field: NUST
005 - DATE AND TIME OF LATEST TRANSACTION
- control field: 20230912170020.0
008 - FIXED-LENGTH DATA ELEMENTS
- fixed length control field: 230912|| aca||aabn | a|a d
040 ## - CATALOGING SOURCE
- Original cataloging agency: NUST
- Transcribing agency: NUST
100 ## - HEADING--PERSONAL NAME
- Personal name: Muhammad Uzair Jahanzeb (00000317617)
670 ## - SOURCE DATA FOUND
- Source citation: Work cat.: (NUST): Muhammad Uzair Jahanzeb (00000317617), Multi-Parametric Optimization and Gas Path Analysis of a civil Turbofan Aero-engine Incorporating Hydrogen Fuel /, 2022
